00430nam a2200109Ia 4500008004100000100002600041245010900067260002900176300001800205650001500223856008200238160712s9999 xx 000 0 und d aFajilan, Wennielyn F. cWennielyn F. FajilanaPagsasatinig ng Pagkabata: Ang Varayti ng Wika sa mga Premyadong Kuwentong Pambata c2014bHumanities Diliman avol. 11 no. 2 xHUMANITIES uhttp://journals.upd.edu.ph/index.php/humanitiesdiliman/issue/view/502/showToc